000
00482nam a2200145Ia 4500
008
100204s9999 xx 000 0 und d
082
_b
4765
100
_a
आपटे हरि नारायण
245
_a
यशवंतराव खरे
260
_b
"रम्यकथा प्रकाशन , पुणे"
_c
1973 6
300
_a
404
630
_a
यशवंतराव खरे
730
_a
यशवंतराव खरे
942
_c
BOOK
999
_c
449454
_d
449451